Libroterapia (Registro nro. 15776)

Detalles MARC
000 - LÍDER
campo de control de longitud fija 00830nam a22002657i 4500
005 - FECHA Y HORA DE LA ÚLTIMA TRANSACCIÓN
campo de control 20210818182341.0
008 - ELEMENTOS DE DATOS DE LONGITUD FIJA - INFORMACIÓN GENERAL
campo de control de longitud fija 200116s2017 sp gr 000 0dspa d
020 ## - INTERNATIONAL STANDARD BOOK NUMBER
International Standard Book Number 9788417002596
040 ## - FUENTE DE CATALOGACIÓN
Agencia de catalogación original COMFC
Lenguaje de catalogación spa
Descripción convenciones rda
041 ## - CÓDIGO DE LENGUAJE
Código de idioma de texto / pista de sonido o título separado spa
082 04 - NÚMERO DE CLASIFICACIÓN DECIMAL DEWEY
Número de clasificación 028
Número de artículo N127l
100 1# - ENTRADA PRINCIPAL - NOMBRE PERSONAL
9 (RLIN) 55604
Nombre de la persona Nadal, Jordi
Término del Relator aut
245 10 - TÍTULO DECLARACIÓN
Título Libroterapia
Resto del título leer es vida
Declaración de responsabilidad Jordi Nadal ; prólogo de Xavier Coll
250 ## - DECLARACIÓN DE EDICIÓN
Sentencia de edición Primera edición
264 01 - AVISO DE PRODUCCIÓN, PUBLICACIÓN, DISTRIBUCIÓN, FABRICACIÓN Y DERECHOS DE AUTOR
Lugar de producción Barcelona
Nombre del productor Plataforma editorial
Fecha de producción 2017
300 ## - DESCRIPCIÓN FÍSICA
Alcance 95 páginas
Dimensiones 20 cm
336 ## - TIPO DE CONTENIDO
Fuente rdacontent
Tipo de contenido txt
337 ## - TIPO DE MEDIO
Fuente rdamedia
Término del tipo de medio n
338 ## - TIPO DE PORTADOR
Fuente rdacarrier
Término del tipo de operador nc
490 ## - DECLARACIÓN EN SERIE
-- 55473
Estado de cuenta de la serie Plataforma Actual
500 ## - NOTA GENERAL
Nota general Contiene datos biográficos del autor
650 #0 - ENTRADA DE SUJETO AÑADIDO - TÉRMINO TÓPICO
9 (RLIN) 20995
Término tópico o elemento de entrada del nombre geográfico Libros
Subdivisión de forma Terapia
700 1# - ENTRADA AGREGADA - NOMBRE PERSONAL
9 (RLIN) 55605
Nombre de la persona Coll, Xavier
942 ## - ELEMENTOS DE ENTRADA AGREGADOS (KOHA)
Fuente de clasificación o esquema de estanterías Dewey Decimal Classification
Parte de clasificación 028 N127l
Prefijo del número de llamada 028
Sufijo del número de llamada N127l
Existencias
Estado de retirada Pérdida de estatus Fuente de clasificación o esquema de estanterías Estado dañado No para préstamo Código de recogida Ubicación permanente Ubicación actual Ubicación de las estanterías Fecha de adquisición Total de Cajas Número Topográfico Código de barras Precio efectivo desde Número de copia Fecha de la última vez que se vio Tipo de artículo Koha
    Dewey Decimal Classification     General Biblioteca Pública Departamental Comfamiliar Risaralda Biblioteca Pública Departamental Comfamiliar Risaralda Área General 16/01/2020   028 N127l 1004778 16/01/2020 Ej. 1 16/01/2020 Libro